Loading...
Luminous Isle /
| Main Author: | |
|---|---|
| Format: | Printed Book |
| Language: | English |
| Published: |
London :
Virago Press,
1984.
|
| Subjects: |
| LEADER | 00464nam a2200145Ia 4500 | ||
|---|---|---|---|
| 008 | 150623b xxu||||| |||| 00| 1 eng d | ||
| 082 | |a 823.914B2 | ||
| 100 | |a Bliss, Eliot | ||
| 245 | |a Luminous Isle / |c Eliot Bliss | ||
| 260 | |a London : |b Virago Press, |c 1984. | ||
| 300 | |a 372 p. | ||
| 650 | |v Fiction | ||
| 942 | |c BK | ||
| 999 | |c 41356 |d 41356 | ||
| 952 | |0 0 |1 0 |4 0 |6 823_000000000000000_914B2_LUM |7 0 |9 41353 |a UL |b UL |c ST2 |d 1998-09-24 |l 0 |o 823.914B2 LUM |p 59700 |r 2012-10-27 |w 2012-10-27 |y BK | ||